Voyages historiques sur une carte du monde - Statistiques

Statistiques générales
  • Ce quiz a été pris 10 642 fois
  • Le résultat moyen est 4 sur 12
Réponses sur la Carte
Les réponses sont colorées sur une échelle allant du rouge au vert en fonction du pourcentage des utilisateurs qui les ont devinées à leur premier essai. Vous pouvez retrouver ces pourcentages ci-dessous.
 
Statistiques - réponses
# Date Travelers % Correct
2 1492-1493 Christophe Colomb
97%
5 1519-1522 Ferdinand MagellanJuan Sebastian Elcano
81%
4 1271-1295 Marco Polo
58%
6 334-323 av J-C Alexandre le Grand
38%
8 1206-1227 Genghis Khan
35%
10 1768-1771 James Cook
33%
7 218 av J-C Hannibal Barca
29%
11 1000 Leif Erikson
16%
3 1927 Charles Lindbergh
14%
1 1804-1806 Meriwether LewisWilliam Clark
12%
12 1841-1873 David Livingstone
11%
9 1610-1611 Henry Hudson
9%
Aucun quiz correspondant
Distribution des résultats
% des personnes avec chaque résultat
Percentile par nombre de réponses
Votre historique - résultats
Vous n’avez pas pris ce quiz